000 00545 a2200169 4500
020 _a9780070702486
082 _a621.38173
090 _c7276
_d7276
100 _aGeiger, Randall L
245 _aVLSI design techniques for analog and digital circuits
_cRandall L. Geiger
260 _aNew Delhi:
_bTata McGraw Hill;
_c1990.
300 _axv, 969p.:
_bill.;
_c24cm.
650 _aIntegrated circuits- very large scale integration-design and construction
700 _aAllen, Phillip E.
700 _aStrader, Noel R.
942 _cBK
_k621.38173 GEI
999 _c11079
_d11079